• 首页
  • 本馆介绍
  • 公告通知
  • 最新文献
  • 馆藏检索
  • 电子资源
  • 读者导购
  • 参考咨询
  • 我的图书馆
  • 登录
  • 详细信息显示
  • 放入我的书架
  • 预约/预借图书
  • 作者相关作品
  • 分类相关作品
  • 丛书相关作品
  • 出版社相关作品

书目信息

  • 表格格式
  • 工作单格式
  • 卡片格式
题名:
寻鸟的小王子
    
 
作者: (几)佚名 著
分册:  
出版信息: 长春   吉林出版集团股份有限公司  2017
页数: 48页
开本: 17cm
丛书名: 经典童话绘本
单 册:
中图分类: H125.4
科图分类:
主题词: 汉语拼音--儿童读物
电子资源:
ISBN: 978-7-5581-1448-9
000 00902oam2 2200253 45
001 012001011849
005 20140103104240.0
010    @a978-7-5581-1448-9@dCNY27.80
100    @a20181027d2016 em y0chiy0110 ea
101 0  @achi
102    @aCN@b220000
105    @ay z 000yy
106    @ar
200 1  @a寻鸟的小王子@Axun niao de xiao wang zi@f(几)佚名著
210    @a长春@c吉林出版集团股份有限公司@d2017
215    @a48页@d17cm
225 2  @a经典童话绘本
330    @a在古时候,几内亚的一个国王,他有一片很大很大的果园,但是每天晚上,他的果子都被一只金鸟给损坏很多,他很心痛,就问他的三个儿子谁能解除他的心头之患。三个儿子争着去,大王子和二王子没有完成父王的使命,只有小王子完成了。
410  0 @12001 @a经典童话绘本
606 0  @a汉语拼音@x儿童读物
690    @aH125.4@v5
701  0 @a(几)佚名@A( ji ) yi ming@4著
801  0 @aCN@b上海新华@c20191020
905    @b1138928-31@dH125.4@e44@f4
    
    寻鸟的小王子/(几)佚名著.-长春:吉林出版集团股份有限公司,2017
    48页;17cm.-(经典童话绘本)
    
    
    ISBN 978-7-5581-1448-9:CNY27.80
    在古时候,几内亚的一个国王,他有一片很大很大的果园,但是每天晚上,他的果子都被一只金鸟给损坏很多,他很心痛,就问他的三个儿子谁能解除他的心头之患。三个儿子争着去,大王子和二王子没有完成父王的使命,只有小王子完成了。
●
相关链接 在E读中查询图书 在五车中查询图书 在当当中查询图书 在豆瓣中查询图书


正题名:寻鸟的小王子     索取号:H125.4/44         预约/预借

序号 登录号 条形码 馆藏地/架位号 状态 备注
1 1138928   211389282   第二样本阅览室/ [索取号:H125.4/44] 在馆    
2 1138929   211389291   第四借阅区/ [索取号:H125.4/44] 在馆    
3 1138930   211389308   第四借阅区/ [索取号:H125.4/44] 在馆    
4 1138931   211389317   第四借阅区/ [索取号:H125.4/44] 在馆    
唐山师范学院图书馆 欢迎您!
大连网信软件有限公司© 版权所有